Sociología del espacio industrial / (Record no. 42602)

MARC details
000 -LEADER
campo de control de longitud fija 00825nam a2200265 i 4500
001 - NÚMERO DE CONTROL
campo de control 42602
003 - IDENTIFICADOR DE NÚMERO DE CONTROL
campo de control ES-MaACL
005 - FECHA Y HORA DE LA ÚLTIMA TRANSACCIÓN
campo de control 20230906160638.0
007 - CAMPO FIJO DE DESCRIPCIÓN FÍSICA--INFORMACIÓN GENERAL
campo de control de longitud fija t|
008 - DATOS DE LONGITUD FIJA--INFORMACIÓN GENERAL
campo de control de longitud fija 030313s1977 sp ||||1| spa d
020 ## - NÚMERO INTERNACIONAL ESTÁNDAR DEL LIBRO
Número Internacional Estándar del Libro 84-336-0139-3
080 ## - NÚMERO DE LA CLASIFICACIÓN DECIMAL UNIVERSAL
Número de la Clasificación Decimal Universal 658.21(44)
080 ## - NÚMERO DE LA CLASIFICACIÓN DECIMAL UNIVERSAL
Número de la Clasificación Decimal Universal 711.554(44)
100 1# - ENTRADA PRINCIPAL--NOMBRE DE PERSONA
Nombre de persona Castells, Manuel.
9 (RLIN) 36590
245 10 - MENCIÓN DEL TÍTULO
Título Sociología del espacio industrial /
Mención de responsabilidad, etc. Manuel Castells ; traducción [del francés] de Coro Baroja y Carmen Gavira.
260 ## - PUBLICACIÓN, DISTRIBUCIÓN, ETC.
Lugar de publicación, distribución, etc. [Madrid] :
Nombre del editor, distribuidor, etc. Ayuso,
Fecha de publicación, distribución, etc. [1977]
300 ## - DESCRIPCIÓN FÍSICA
Extensión 235 p. ;
Dimensiones 20 cm.
490 1# - MENCIÓN DE SERIE
Mención de serie Ciudad y sociedad ;
Designación de volumen o secuencia 2
650 14 - PUNTO DE ACCESO ADICIONAL DE MATERIA--TÉRMINO DE MATERIA
Término de materia o nombre geográfico como elemento de entrada Localización industrial-
Subdivisión geográfica Francia.
9 (RLIN) 14691
700 1# - ENTRADA AGREGADA--NOMBRE PERSONAL
Nombre de persona Baroja, Coro.
9 (RLIN) 25751
700 1# - ENTRADA AGREGADA--NOMBRE PERSONAL
Nombre de persona Gavira, Carmen.
9 (RLIN) 56087
830 0# - PUNTO DE ACCESO ADICIONAL DE SERIE-TÍTULO UNIFORME
Título uniforme Ciudad y sociedad ;
Designación de volumen o secuencia 2
9 (RLIN) 181950
852 ## - LOCALIZACIÓN
Ubicación ES-MaACL
Número de control de estantería A-8492
Sublocalización o colección R.97496
Holdings
Estatus retirado Estado de pérdida Estado de daño No para préstamo Biblioteca de origen Biblioteca actual Ubicación en estantería Fecha de adquisición Fuente de adquisición Total de préstamos Signatura topográfica completa Código de barras Visto por última vez Precio de reemplazo Tipo de ítem Koha
        Biblioteca del Ateneo de Madrid Biblioteca del Ateneo de Madrid Depósito 1 17/01/2008     A-8492 1044846 23/02/2023 23/02/2023 Libro impreso